000 00621nam a2200193Ia 4500
003 GCL
008 140319s9999 xx 000 0 ara d
040 _aGCL /
_cGCL
082 0 4 _a398.2
_bف ا
100 1 _aفاروق خورشيد
245 1 0 _aادب السيرة الشعبية /
_cفاروق خورشيد
260 _a[S.N] :
_bالشركة المصرية العالمية للنشر ،
_c1994
300 _a203 ص
490 _aسلسلة ادبيات
_v0
650 0 4 _aتاريخ ونقد
650 0 4 _aالمجموعات
650 0 4 _aالادب الشعبى - العالم العربى
942 _2ddc
_cBK
999 _c32956
_d32956